| 000 | 00463nam a22001577a 4500 | ||
|---|---|---|---|
| 003 | OSt | ||
| 005 | 20250310124747.0 | ||
| 008 | 250310b |||||||| |||| 00| 0 eng d | ||
| 020 | _a9789351199311 | ||
| 040 | _cIIMT University | ||
| 100 | _aDT Editorial Services | ||
| 245 | _aBig Data, Black Book (Covers Hadoop 2, MapReduce, Hive, Yarn, Pig, R and Data Visualization) | ||
| 260 |
_aNew Delhi _bDreamtech _cReprint 2024 |
||
| 300 | _a972 | ||
| 942 |
_2ddc _c02 _e2024 |
||
| 999 |
_c65316 _d65316 |
||